000 00864nas a2200277 4500
001 BR9701225
003 BR-BrBNA
005 20231205100015.0
007 ta
008 230509b bl.|||p| |||| 00| 00por d
040 _aBR-BrBNA
_bpor
_cBiblioteca Nacional de Agricultura
041 _a(Pt)
072 _aJ11
100 1 _aJobim, C.C.
100 1 _aReis, R.A.
100 1 _aRodrigues, L.R. de A.
100 1 _aSchocken-Iturrino, R.P.
245 1 _aPresenca de microrganismos na silagem de graos umidos de milho ensilado com diferentes proporcoes de sabugo
650 _aMilho
650 _aEnsilagem
650 _aSilagem
650 _aContaminacao Bacteriana
773 0 _tPesquisa Agropecuaria Brasileira (Brazil)
_xISSN 0100-204X
_g(Feb 1997), v. 32(2) p. 201-204
_wBR9701225
909 _a202311
_bLúcia
_c55
_dLúcia Elande
942 _2AGRIS
_n0
_cANA
999 _c153886
_d153886